| 000 | 00586nam a2200217Ia 4500 | ||
|---|---|---|---|
| 005 | 20260429111949.0 | ||
| 008 | 260429s9999||||xx |||||||||||||| ||und|| | ||
| 020 | _a9783662684269 | ||
| 041 | _aEnglish | ||
| 082 |
_a530.413 _bOSS |
||
| 100 | _aOssi, Paolo M. | ||
| 245 | 0 |
_aDisordered materials : _ban introduction / _cPaolo M. Ossi |
|
| 250 | _a3rd ed. | ||
| 260 |
_aGermany : _bSpringer, _c2024. |
||
| 300 | _axii, 373 p.; hb | ||
| 440 | _aGraduate texts in physics | ||
| 650 | _a Disordered materials | ||
| 650 | _a Solidstate physics | ||
| 650 | _aPhysics | ||
| 942 | _cTB | ||
| 999 |
_c51654 _d51654 |
||